000 00956nam a2200337 a 4500
999 _c432
_d432
001 019421384
003 UkOxU
005 20190814142741.0
006 m m
007 co mg ---muuuu
008 120330s2012 enk 000 0 eng|d
015 _aGBB233642
_2bnb
020 _a9781107660151 (pbk.) :
020 _a1107660157 (pbk.) :
035 _a(Uk)016062966
035 _a(StEdALDL)1/2789716
040 _aStDuBDS
_beng
_cStDuBDS
_dUkOxU
049 _aCROBAR
082 0 4 _a423 CAM
_223
245 0 0 _aCambridge learner's dictionary.
250 _a4th ed.
260 _aCambridge :
_bCambridge University Press,
_c2012.
300 _axvii, 872 p. ;
_c24 cm. +
_e1 CD-ROM (4 3/4 in.)
500 _aPrevious ed.: 2007.
650 0 _aEnglish language
_vDictionaries.
942 _2ddc
_cREF
980 _g1
_f1/2789716
981 _dAgency file oxf2012-48.1